00506nam a2200205Ia 4500008004100000020001800041050001400059100001900073245002300092245003800115245002200153260001500175260001200190260000900202300001600211300002100227300001000248300003400258500000800292170918s9999 xx 000 0 und d a9780061974571 bL868 2011 aLore, Pittacus 4aThe power of six : bbook two of the Lorien legacies / cby Pittacus Lore. aNew York : bHarper, c2011 a406 pages : billustrateions ; c20cm. eLorien legacies novel series. a840